Maximizing resource utilization in African institutions of higher learning: the case of the University of Zambia, Lusaka (Record no. 50775)

MARC details
000 -LEADER
fixed length control field 00712nam a2200157 a 4500
008 - FIXED-LENGTH DATA ELEMENTS--GENERAL INFORMATION
fixed length control field 091201s1982 ||||||||||||||||| || u
050 ## - LIBRARY OF CONGRESS CALL NUMBER
Classification number UNZA-ERB(02)
100 ## - MAIN ENTRY--PERSONAL NAME
Personal name Waddimba, E. K
245 10 - TITLE STATEMENT
Title Maximizing resource utilization in African institutions of higher learning: the case of the University of Zambia, Lusaka
260 ## - PUBLICATION, DISTRIBUTION, ETC.
Place of publication, distribution, etc. Lusaka
Name of publisher, distributor, etc. University of Zambia Educational Research Bureau
Date of publication, distribution, etc. 1982
300 ## - PHYSICAL DESCRIPTION
Extent vi, 189p.
350 ## - PRICE (NR) (BK AM CF MU VM SE) [OBSOLETE]
Price 0.00
650 ## - SUBJECT ADDED ENTRY--TOPICAL TERM
Topical term or geographic name entry element UNIVERSITY OF ZAMBIA--MANAGEMENT
710 ## - ADDED ENTRY--CORPORATE NAME
Corporate name or jurisdiction name as entry element University of Zambia. Educational Research Bureau
995 ## - RECOMMENDATION 995 [LOCAL, UNIMARC FRANCE]
-- 0.00
-- CBU-MAIN LIBRARY (Kitwe)
-- 1
-- 0.00
-- 1
-- AVAILABLE
-- Dec 1, 2009
-- Zambiana Collection
Holdings
Withdrawn status Lost status Source of classification or shelving scheme Damaged status Not for loan Home library Current library Shelving location Date acquired Total Checkouts Full call number Barcode Date last seen Price effective from Koha item type
          CBU-MAIN LIBRARY, KITWE. CBU-MAIN LIBRARY, KITWE.   11/30/2022   UNZA-ERB(02) Z03004909 11/30/2022 11/30/2022 MONOGRAPH